| 000 | 00875nam a22001817a 4500 | ||
|---|---|---|---|
| 999 |
_c15109 _d15109 |
||
| 003 | OSt | ||
| 082 | _2631.75807 NAV/DE | ||
| 088 | _aT 290 | ||
| 100 |
_aNAVNEET SHARMA _93725 |
||
| 245 | _aDesign, development and evaluation of an automated drip irrigation system | ||
| 260 |
_aTavanur 2014 _bDEPARTMENT OF LAND &WATER RESOURCES AND CONSERVATION ENGINEERING |
||
| 300 | _a119 | ||
| 500 | _aDesign, development and evaluation of an automated drip irrigation system | ||
| 520 | _athe system was installed in the field for a season under the crop amaranthus and it was observed that the system is working properly and the motor gets switched '' on'' and ' off '' automatically with respect to pre-set value of moisture content. | ||
| 700 |
_aDr. Abdul Hakkim V. M (Guide) _93491 |
||
| 856 | _uhttps://drive.google.com/open?id=1Z4dhBSvTdzUTMvYIUmzXNj00SVuGLG4r | ||
| 942 | _cTH | ||